| 000 | 00804nam a22001937a 4500 | ||
|---|---|---|---|
| 003 | 0 | ||
| 005 | 20250116174421.0 | ||
| 008 | 250116b xxu||||| |||| 00| 0 eng d | ||
| 050 |
_aLB 3060 _b.L95 2024 |
||
| 100 | _aLumbres, Sophia Clarisse A. | ||
| 245 |
_aA correlational study of english proficiency to the licensure exam scores of SISC BSN graduates _cSophia Clarisse A. Lumbres [and four others] |
||
| 260 |
_aLas Pinas City _bSouthville International School and Colleges _c2024 |
||
| 300 |
_aviii, 94 pages : _billustrations ; _c28cm. |
||
| 504 | _aIncludes bibliographical references and appendices. | ||
| 650 | _aEnglish language—Proficiency testing—Philippines. | ||
| 650 | _aNursing education—Philippines. | ||
| 650 | _aAcademic achievement—Correlational studies. | ||
| 942 |
_2lcc _cTH |
||
| 999 |
_c367004 _d367004 |
||